000 00749na a2200253 4500
001 16580
003 MIRAKIL
005 20181213154949.0
008 161014b tu 000 0
020 _a9786056009006
040 _aMilas
_btur
_cTR-AnCHP
041 _atur
082 _a915.6228
_bG94c 2008
090 _a915.6228 G94c 2008
100 _aGültekin, Sami
245 _aEdirne
_bCamileri, evliyaları ve gezi mekanlarıyla
_cSami Gültekin
246 _aCamileri, evliyaları ve gezi mekanlarıyla Edirne
260 _aİstanbul
_b[yay.y.]
_c2008
_fKuşak Matbaası
300 _a60 s.
_brnkl. ftg.
_c21 sm.
504 _aDizin var.
651 _aEdirne
_xTanıtım kitapları
651 _aEdirne
_xKılavuzlar
942 _2ddc
_cBKS
999 _c3975
_d3975